[Event "Ontario op U2100"]
[Site "Oakville CAN"]
[Date "2019.05.19"]
[Round "3.12"]
[White "Bui, Alan"]
[Black "Lin, Benjamin"]
[Result "1-0"]
[WhiteElo "1980"]
[BlackElo "2059"]
[PlyCount "125"]
[EventDate "2019.05.18"]
[EventType "swiss"]
[EventRounds "3"]
[EventCountry "CAN"]

1. d4 Nf6 2. Nf3 e6 3. Bf4 d5 4. e3 Bd6 5. Bg3 Ne4 6. Be5 f6 7. Bxd6 Qxd6 8.
Bd3 Nc6 9. Nbd2 f5 10. c4 O-O 11. O-O b6 12. a3 Bb7 13. b4 a5 14. c5 bxc5 15.
dxc5 Qe7 16. b5 Nd8 17. c6 Bc8 18. Ne5 Nf7 19. Nxf7 Rxf7 20. Nxe4 fxe4 21. Bc2
Rf6 22. Bb3 Rg6 23. Qe2 a4 24. Ba2 Qd6 25. Rfd1 Rb8 26. Rd4 Qxa3 27. Rxd5 Qe7
28. Re5 Qf6 29. Qb2 Rg5 30. Rxe6 Bxe6 31. Qxf6 gxf6 32. Bxe6+ Kf8 33. Rxa4
Rbxb5 34. h3 Rge5 35. Bd7 Ke7 36. Ra8 Kd6 37. Rf8 f5 38. Rf6+ Kd5 39. Rh6 Kc4
40. Rxh7 Kd3 41. Rh4 Ke2 42. Rf4 Ke1 43. h4 Rec5 44. Kh2 Rc2 45. Kg3 Rbb2 46.
Rxf5 Rxf2 47. Rxf2 Rxf2 48. h5 Ke2 49. h6 Rf6 50. h7 Rh6 51. Kf4 Rh4+ 52. g4
Rxh7 53. Kxe4 Re7+ 54. Kf5 Kxe3 55. Kf6 Rh7 56. g5 Kf4 57. g6 Rh6 58. Be8 Rh8
59. Kf7 Kg5 60. g7 Rh7 61. Kf8 Kh6 62. g8=Q Rf7+ 63. Kxf7 1-0

[Event "Ontario op U2100"]
[Site "Oakville CAN"]
[Date "2019.05.19"]
[Round "3.13"]
[White "He, Emma"]
[Black "Bergeron, Matthew"]
[Result "1/2-1/2"]
[WhiteElo "1992"]
[BlackElo "1971"]
[PlyCount "109"]
[EventDate "2019.05.18"]
[EventType "swiss"]
[EventRounds "3"]
[EventCountry "CAN"]

1. e4 e6 2. d4 d5 3. Nd2 c5 4. exd5 exd5 5. Ngf3 Nf6 6. c3 cxd4 7. Nxd4 Be7 8.
Bd3 O-O 9. O-O Nc6 10. N2f3 h6 11. Re1 a6 12. h3 Qc7 13. Be3 Ne4 14. Qc1 f5 15.
Bf4 Bd6 16. Bxd6 Qxd6 17. c4 Nb4 18. Bf1 Bd7 19. a3 Nc6 20. cxd5 Nxd4 21. Nxd4
Rac8 22. Qe3 Qxd5 23. Rad1 Ba4 24. b3 Rc3 25. Bc4 Qxc4 26. bxc4 Rxe3 27. fxe3
Bxd1 28. Rxd1 Rf7 29. Ne6 Re7 30. Nf4 Rc7 31. Rd4 Kf7 32. Kf1 b5 33. cxb5 axb5
34. g4 Rc4 35. Rxc4 Nd2+ 36. Ke2 Nxc4 37. gxf5 Kf6 38. Nh5+ Kxf5 39. Nxg7+ Ke4
40. Ne6 Nxa3 41. Nc5+ Kd5 42. Nd3 Nc4 43. Kf3 Ne5+ 44. Ke2 Nxd3 45. Kxd3 h5 46.
h4 Ke5 47. e4 b4 48. Kc4 Kxe4 49. Kxb4 Kf3 50. Kc3 Kg3 51. Kd2 Kxh4 52. Ke1 Kg3
53. Kf1 Kh2 54. Kf2 h4 55. Kf1 1/2-1/2

[Event "Ontario op U2100"]
[Site "Oakville CAN"]
[Date "2019.05.19"]
[Round "3.14"]
[White "Fernando, Ronald"]
[Black "Bu, Kevin"]
[Result "1-0"]
[WhiteElo "2037"]
[BlackElo "1951"]
[PlyCount "85"]
[EventDate "2019.05.18"]
[EventType "swiss"]
[EventRounds "3"]
[EventCountry "CAN"]

1. e4 Nf6 2. e5 Nd5 3. c4 Nb6 4. b3 g6 5. Bb2 Bg7 6. d4 O-O 7. Be2 d6 8. exd6
exd6 9. Nc3 Nc6 10. d5 Ne5 11. Qd2 Re8 12. O-O-O a5 13. a4 Ned7 14. Kb1 Nc5 15.
Ka2 Bf5 16. Nf3 Na6 17. Ne1 Nb4+ 18. Ka3 Nd7 19. g4 Bxc3 20. Qxc3 f6 21. Rd2
Be4 22. f3 Bb1 23. Ng2 Ba2 24. Ra1 Nc5 25. Bd1 Kf7 26. Rxa2 Nxa2 27. Kxa2 g5
28. Bc2 h6 29. Qd4 Qe7 30. Qf2 Nd7 31. h4 Ne5 32. h5 Kg7 33. Ne3 Qf8 34. Nf5+
Kf7 35. Qg3 Rad8 36. f4 Nd7 37. fxg5 hxg5 38. Rh2 Ne5 39. h6 Ng6 40. Qd3 Nf4
41. Nxd6+ Ke7 42. Qh7+ Kxd6 43. Ba3+ 1-0

[Event "Ontario op U2100"]
[Site "Oakville CAN"]
[Date "2019.05.19"]
[Round "3.15"]
[White "Casareno, Erwin"]
[Black "England, Max"]
[Result "0-1"]
[WhiteElo "2046"]
[BlackElo "2046"]
[PlyCount "60"]
[EventDate "2019.05.18"]
[EventType "swiss"]
[EventRounds "3"]
[EventCountry "CAN"]

1. e4 e5 2. Nf3 Nc6 3. d4 exd4 4. Bc4 Bc5 5. Ng5 Nh6 6. Bxf7+ Nxf7 7. Nxf7 Kxf7
8. Qh5+ g6 9. Qxc5 d6 10. Qb5 Re8 11. O-O Rxe4 12. Qd5+ Re6 13. Bg5 Qh8 14. f4
Ne7 15. Qc4 c6 16. Bxe7 d5 17. Qc5 Rxe7 18. Nd2 Bg4 19. h3 Be2 20. Rae1 Qf6 21.
Rf2 b6 22. Qa3 Rae8 23. f5 gxf5 24. Nf3 Bxf3 25. Rxe7+ Rxe7 26. Qxf3 Re1+ 27.
Kh2 Qe5+ 28. g3 Kg6 29. Qg2 Qe4 30. g4 Qe5+ 0-1

[Event "Ontario op U2100"]
[Site "Oakville CAN"]
[Date "2019.05.19"]
[Round "3.16"]
[White "Dela Torre, Marife O"]
[Black "Xie, Austin"]
[Result "1-0"]
[WhiteElo "2073"]
[BlackElo "1800"]
[PlyCount "99"]
[EventDate "2019.05.18"]
[EventType "swiss"]
[EventRounds "3"]
[EventCountry "CAN"]

1. e4 e6 2. d4 d5 3. Nc3 Nf6 4. Bg5 Be7 5. e5 Nfd7 6. h4 Bxg5 7. hxg5 Qxg5 8.
Qd3 Qg6 9. Qxg6 fxg6 10. Bd3 Nf8 11. Nf3 a6 12. O-O-O b5 13. Ne2 Nc6 14. c3 Bb7
15. Nf4 O-O-O 16. Ng5 Re8 17. Rh3 h6 18. Nf7 Rg8 19. Nxg6 Nxg6 20. Bxg6 Ne7 21.
Bh7 Rgf8 22. Rf3 Kd7 23. Rdd3 Nc6 24. g4 b4 25. g5 bxc3 26. bxc3 Ne7 27. gxh6
gxh6 28. Nxh6 Rxf3 29. Rxf3 Rh8 30. Ng4 Kc6 31. Rf7 Nc8 32. Ne3 Nb6 33. f4 Bc8
34. Kb2 Bd7 35. c4 Rb8 36. Kc3 dxc4 37. Be4+ Nd5+ 38. Nxd5 exd5 39. Rf6+ Kb5
40. Bxd5 c6 41. Bxc4+ Kb6 42. d5 Kc5 43. d6 Rb4 44. Bb3 Re4 45. Kd3 Rd4+ 46.
Ke3 Bg4 47. f5 a5 48. Be6 Ra4 49. d7 Rd4 50. Rf8 1-0

[Event "Ontario op U2100"]
[Site "Oakville CAN"]
[Date "2019.05.19"]
[Round "3.17"]
[White "Gao, Raymond"]
[Black "Malakhovets, Sergey"]
[Result "0-1"]
[WhiteElo "1853"]
[BlackElo "2058"]
[PlyCount "106"]
[EventDate "2019.05.18"]
[EventType "swiss"]
[EventRounds "3"]
[EventCountry "CAN"]

1. e4 c6 2. Nf3 d5 3. exd5 cxd5 4. Ne5 Nc6 5. Bb5 Bd7 6. Nxd7 Qxd7 7. d4 Nf6 8.
c3 e6 9. Nd2 a6 10. Ba4 Bd6 11. O-O O-O 12. Re1 Qc7 13. g3 Rac8 14. Bc2 Nxd4
15. Bxh7+ Kxh7 16. cxd4 Qc2 17. Qf3 Qg6 18. Re2 Rc7 19. Nf1 Rfc8 20. Bf4 Bxf4
21. Qxf4 Qg4 22. Qe3 Rc4 23. Rd1 Qe4 24. Rdd2 Rc1 25. f3 Qb1 26. Qd3+ Qxd3 27.
Rxd3 Ne8 28. Kg2 Nd6 29. Ne3 Ra1 30. b3 Rcc1 31. Rdd2 Nb5 32. Ng4 Nc3 33. Rf2
f6 34. Ne3 Kg6 35. Ng4 b5 36. Kh3 b4 37. Ne3 a5 38. Ng2 Rd1 39. Nf4+ Kf7 40.
Rxd1 Rxd1 41. Ne2 Rd2 42. Nxc3 Rxf2 43. Na4 Rxa2 44. Nc5 Rd2 45. Nb7 a4 46.
bxa4 b3 47. Nd6+ Kf8 48. Nb5 b2 49. Nc3 Rd1 50. a5 b1=Q 51. Nxb1 Rxb1 52. a6
Ra1 53. a7 Rxa7 0-1

[Event "Ontario op U2100"]
[Site "Oakville CAN"]
[Date "2019.05.19"]
[Round "3.18"]
[White "Samokysh, Yevhen"]
[Black "Brajkovic, Nikola"]
[Result "0-1"]
[WhiteElo "1787"]
[BlackElo "2030"]
[PlyCount "104"]
[EventDate "2019.05.18"]
[EventType "swiss"]
[EventRounds "3"]
[EventCountry "CAN"]

1. Nf3 Nf6 2. c4 g6 3. Nc3 Bg7 4. e4 d6 5. d4 O-O 6. Be2 Bg4 7. Be3 Nbd7 8. O-O
e5 9. d5 h6 10. Nd2 Bxe2 11. Qxe2 Kh7 12. b4 b6 13. Na4 Qe7 14. Rfc1 a5 15. a3
Ra7 16. Nc3 Rfa8 17. Nb5 Rb7 18. f3 Ne8 19. Nb3 a4 20. Nd2 f5 21. Ra2 Qf7 22.
Rac2 Bf8 23. Rf1 f4 24. Bf2 Be7 25. g3 g5 26. Kg2 Rc8 27. Nc3 Rbb8 28. b5 Nef6
29. Rh1 Rg8 30. g4 Ra8 31. Kf1 Qg6 32. Ke1 Kg7 33. Kd1 Kf7 34. Rc1 h5 35. h4
hxg4 36. fxg4 gxh4 37. Bxh4 Nxg4 38. Kc2 Ne3+ 39. Kb1 Bxh4 40. Rxh4 Rg7 41.
Rch1 Nc5 42. Rh6 Qg4 43. Qxg4 Nxg4 44. Rh8 Rag8 45. Nf3 Nf6 46. Rxg8 Rxg8 47.
Rg1 Rxg1+ 48. Nxg1 Nfxe4 49. Nxe4 Nxe4 50. Kc2 Kf6 51. Kd3 Nc5+ 52. Ke2 e4 0-1

[Event "Ontario op U2100"]
[Site "Oakville CAN"]
[Date "2019.05.19"]
[Round "3.19"]
[White "Locham, Divjot"]
[Black "Liu, Henry"]
[Result "0-1"]
[WhiteElo "1685"]
[BlackElo "1985"]
[PlyCount "68"]
[EventDate "2019.05.18"]
[EventType "swiss"]
[EventRounds "3"]
[EventCountry "CAN"]

1. e4 e6 2. d4 d5 3. Nd2 Nf6 4. e5 Nfd7 5. Bd3 c5 6. c3 b6 7. Ne2 Ba6 8. Bc2
Nc6 9. Nf3 Be7 10. h4 Rc8 11. Nf4 cxd4 12. Nxd4 Qc7 13. Nxc6 Qxc6 14. Qg4 g6
15. h5 g5 16. Nh3 h6 17. f4 Qc4 18. Nf2 Bc5 19. Nd3 Bd4 20. cxd4 Qxc2 21. Nf2
gxf4 22. Qd1 Qxd1+ 23. Nxd1 Rc4 24. Bxf4 Rxd4 25. Bd2 Nxe5 26. Bc3 Re4+ 27. Kd2
Re2+ 28. Kc1 Nd3+ 29. Kb1 Rg8 30. a3 Bc4 31. Rh3 Rgxg2 32. b3 Rg1 33. Bb2 Rxd1+
34. Ka2 Rxb2# 0-1

[Event "Ontario op U2100"]
[Site "Oakville CAN"]
[Date "2019.05.19"]
[Round "3.21"]
[White "Baylon, Glenda"]
[Black "Zheng, Kevin"]
[Result "0-1"]
[WhiteElo "1954"]
[BlackElo "1908"]
[PlyCount "60"]
[EventDate "2019.05.18"]
[EventType "swiss"]
[EventRounds "3"]
[EventCountry "CAN"]

1. d4 Nf6 2. c4 g6 3. Nf3 Bg7 4. e3 O-O 5. Bd3 d5 6. O-O c5 7. Nc3 cxd4 8. exd4
Nc6 9. Re1 Bg4 10. Be3 dxc4 11. Bxc4 Bxf3 12. Qxf3 Nxd4 13. Bxd4 Qxd4 14. Bb3
Qb4 15. Re2 e6 16. Ne4 Nxe4 17. Rxe4 Qe7 18. Qe2 Qf6 19. Rb1 Rad8 20. g3 Rd6
21. Qc2 Rfd8 22. Re2 Qg5 23. h4 Qg4 24. Re4 Qh3 25. Bc4 Bd4 26. Bf1 Qxg3+ 27.
Bg2 Bb6 28. Rf1 Rd2 29. Rd4 R2xd4 30. fxg3 Rd2+ 0-1

[Event "Ontario op U2100"]
[Site "Oakville CAN"]
[Date "2019.05.19"]
[Round "3.22"]
[White "McDonald, Mike"]
[Black "Milinkovic, Mate"]
[Result "1-0"]
[WhiteElo "1750"]
[BlackElo "1851"]
[PlyCount "49"]
[EventDate "2019.05.18"]
[EventType "swiss"]
[EventRounds "3"]
[EventCountry "CAN"]

1. e4 c5 2. Nf3 e6 3. d4 cxd4 4. Nxd4 a6 5. c4 Nc6 6. a3 Nf6 7. Nc3 Be7 8. Be2
d5 9. cxd5 exd5 10. exd5 Nxd5 11. Nxc6 bxc6 12. Bf3 Be6 13. Nxd5 Bxd5 14. O-O
O-O 15. Bxd5 Qxd5 16. Qxd5 cxd5 17. Rd1 Rfd8 18. Be3 Rab8 19. b4 Rb5 20. Rac1
Bf6 21. Bd4 Bxd4 22. Rxd4 a5 23. a4 Rxb4 24. Rxd5 Rd4 25. Rxd4 1-0

[Event "Ontario op U2100"]
[Site "Oakville CAN"]
[Date "2019.05.19"]
[Round "3.23"]
[White "Yuen, Noah"]
[Black "Dong, Yiwei"]
[Result "1-0"]
[WhiteElo "1716"]
[BlackElo "1802"]
[PlyCount "67"]
[EventDate "2019.05.18"]
[EventType "swiss"]
[EventRounds "3"]
[EventCountry "CAN"]

1. d4 e6 2. c4 Nf6 3. Nf3 d5 4. Nc3 Be7 5. Bg5 Nbd7 6. e3 b6 7. Rc1 c5 8. cxd5
Nxd5 9. Nxd5 Bxg5 10. Nxg5 exd5 11. Nf3 Bb7 12. Bb5 cxd4 13. Ne5 Qe7 14. Bxd7+
Kf8 15. Bc6 Qb4+ 16. Qd2 Qxd2+ 17. Kxd2 dxe3+ 18. fxe3 Bxc6 19. Rxc6 Ke7 20.
Rhc1 f6 21. Nf3 Rhe8 22. Nd4 Rad8 23. Re6+ Kd7 24. Rxe8 Rxe8 25. Rc3 Re4 26.
Ra3 a5 27. Ke2 h5 28. Kf3 g5 29. h3 Kd6 30. g4 hxg4+ 31. hxg4 Re8 32. Rc3 Rb8
33. Rc6+ Ke7 34. Nf5+ 1-0

[Event "Ontario op U2100"]
[Site "Oakville CAN"]
[Date "2019.05.19"]
[Round "3.24"]
[White "Hua, Michelle"]
[Black "Sharma, Vishruth"]
[Result "0-1"]
[WhiteElo "1792"]
[BlackElo "1772"]
[PlyCount "188"]
[EventDate "2019.05.18"]
[EventType "swiss"]
[EventRounds "3"]
[EventCountry "CAN"]

1. c4 d6 2. g3 e5 3. Bg2 g6 4. Nc3 Bg7 5. d3 Ne7 6. e3 Nbc6 7. Nge2 O-O 8. O-O
Be6 9. e4 Qd7 10. Be3 Rad8 11. Rb1 Nd4 12. a3 c6 13. Bxd4 exd4 14. Na2 f5 15.
Nf4 Bf7 16. Nb4 a5 17. Nc2 Be5 18. Ne2 c5 19. f4 Bg7 20. b4 b6 21. bxa5 bxa5
22. Qd2 a4 23. exf5 Qxf5 24. Be4 Qe6 25. Qa5 Qd7 26. Rb7 Qe8 27. Re1 Be6 28.
Reb1 Nf5 29. Qb5 Bd7 30. Qb6 Rf6 31. Nc1 Kh8 32. Rb8 Rc8 33. Rxc8 Bxc8 34. Qb5
Bd7 35. Qb8 Bc8 36. Qa8 Ne7 37. Rb8 Rf8 38. Rb1 Qd7 39. Qa5 Qg4 40. Qd2 Bh6 41.
Qe2 Rxf4 42. Qxg4 Rxg4 43. Ne2 Bf5 44. Rb8+ Kg7 45. Bxf5 Nxf5 46. Ra8 Be3+ 47.
Kf1 h5 48. Rxa4 h4 49. Nxe3 Nxe3+ 50. Kf2 hxg3+ 51. hxg3 Rg5 52. Ra7+ Kf6 53.
Nf4 Rf5 54. Ke2 g5 55. Nd5+ Nxd5 56. cxd5 Ke5 57. a4 Kxd5 58. Rb7 Re5+ 59. Kd2
Re3 60. a5 Rxg3 61. a6 Rg2+ 62. Kd1 Kc6 63. Rg7 Ra2 64. a7 Kb6 65. Rd7 Rxa7 66.
Rxd6+ Kb5 67. Rg6 Kb4 68. Rxg5 Kc3 69. Rxc5+ Kxd3 70. Kc1 Ra1+ 71. Kb2 Re1 72.
Rb5 Kd2 73. Ka2 d3 74. Rb2+ Ke3 75. Rb8 Rh1 76. Re8+ Kd2 77. Ra8 Ke1 78. Re8+
Kd1 79. Rd8 d2 80. Re8 Rh5 81. Kb2 Rb5+ 82. Ka3 Kc2 83. Rc8+ Kd3 84. Rd8+ Kc3
85. Rc8+ Kd4 86. Rd8+ Rd5 87. Rxd5+ Kxd5 88. Kb2 d1=Q 89. Kc3 Qd4+ 90. Kb3 Qc5
91. Kb2 Kd4 92. Kb3 Kd3 93. Kb2 Kd2 94. Ka1 Qa3+ 0-1

[Event "Ontario op U2100"]
[Site "Oakville CAN"]
[Date "2019.05.19"]
[Round "4.11"]
[White "England, Max"]
[Black "Bui, Alan"]
[Result "0-1"]
[WhiteElo "2046"]
[BlackElo "1980"]
[PlyCount "108"]
[EventDate "2019.05.18"]
[EventType "swiss"]
[EventRounds "3"]
[EventCountry "CAN"]

1. e4 e5 2. Nf3 Nc6 3. Bc4 Nf6 4. d3 Be7 5. Nc3 O-O 6. Be3 d6 7. Qd2 Na5 8. Bb3
Nxb3 9. axb3 c5 10. h3 Re8 11. g4 Be6 12. Bg5 Nd7 13. Ne2 Nf8 14. Ng3 Bxg5 15.
Nxg5 Qf6 16. Nh5 Qh6 17. f4 f6 18. Nf3 Bf7 19. fxe5 Qxd2+ 20. Kxd2 Bxh5 21.
gxh5 dxe5 22. Nh4 Ne6 23. Nf5 Nd4 24. Raf1 Nxf5 25. Rxf5 h6 26. Ra1 a5 27. Rff1
Re6 28. Ra4 b5 29. Ra3 b4 30. Ra4 Kf7 31. Rfa1 Rea6 32. c3 Ke6 33. Rc1 Kd6 34.
cxb4 cxb4 35. Rc4 Rb6 36. Ra1 Raa6 37. Rac1 Rc6 38. Rg1 Ra7 39. Ke3 Rd7 40. d4
Rxc4 41. bxc4 exd4+ 42. Kxd4 Kc6+ 43. Ke3 Kc5 44. b3 a4 45. bxa4 Kxc4 46. Rc1+
Kb3 47. a5 Kb2 48. Rc5 b3 49. Rd5 Rc7 50. Rb5 Kc2 51. a6 b2 52. a7 Rxa7 53.
Rc5+ Kb3 54. Rb5+ Ka2 0-1

[Event "Ontario op U2100"]
[Site "Oakville CAN"]
[Date "2019.05.19"]
[Round "4.12"]
[White "Bergeron, Matthew"]
[Black "Fernando, Ronald"]
[Result "1-0"]
[WhiteElo "1971"]
[BlackElo "2037"]
[PlyCount "101"]
[EventDate "2019.05.18"]
[EventType "swiss"]
[EventRounds "3"]
[EventCountry "CAN"]

1. e4 c5 2. Nf3 Qc7 3. c4 e6 4. Nc3 a6 5. d4 cxd4 6. Nxd4 Nc6 7. Be2 Nf6 8. O-O
b6 9. Be3 Bb7 10. Rc1 h5 11. Nd5 exd5 12. cxd5 Ng4 13. Bxg4 hxg4 14. g3 Qe5 15.
dxc6 dxc6 16. Qxg4 c5 17. Nf3 Qh5 18. Qxh5 Rxh5 19. Nd2 Be7 20. f3 Rd8 21. Rfd1
Ba8 22. Nc4 Rxd1+ 23. Rxd1 Bc6 24. g4 Rh3 25. Kg2 Rh4 26. Kg3 g6 27. Nd6+ Kf8
28. Nc8 Rh8 29. Nxb6 Kg7 30. Nd5 Bd6+ 31. f4 g5 32. e5 Bb8 33. Ne7 Be4 34. Nf5+
Kg6 35. Nd6 gxf4+ 36. Bxf4 Bc6 37. h4 Rd8 38. h5+ Kh7 39. Bg5 Rd7 40. Bf6 Kg8
41. Kf4 Kh7 42. g5 Kg8 43. Rd2 a5 44. g6 Bxd6 45. exd6 Rb7 46. Kg5 c4 47. Bc3
Rb5+ 48. Kf6 Bd7 49. gxf7+ Kf8 50. Be5 c3 51. Rg2 1-0

[Event "Ontario op U2100"]
[Site "Oakville CAN"]
[Date "2019.05.19"]
[Round "4.13"]
[White "Lin, Benjamin"]
[Black "He, Emma"]
[Result "0-1"]
[WhiteElo "2059"]
[BlackElo "1992"]
[PlyCount "60"]
[EventDate "2019.05.18"]
[EventType "swiss"]
[EventRounds "3"]
[EventCountry "CAN"]

1. d4 d5 2. c4 e6 3. Nf3 Nf6 4. Nbd2 Nbd7 5. Qc2 dxc4 6. Nxc4 b5 7. Nce5 c5 8.
e3 a6 9. a4 Bb7 10. Bd2 Qb6 11. dxc5 Bxc5 12. a5 Qc7 13. Nxd7 Nxd7 14. b4 Bd6
15. Qb2 O-O 16. Rc1 Qd8 17. Bc3 Rc8 18. Rd1 Qe7 19. Bxg7 Bxb4+ 20. Nd2 Rfd8 21.
h4 f6 22. Bh6 Bc3 23. Qb1 Nc5 24. Rh3 Ne4 25. Bd3 Nxd2 26. Rxd2 Bxd2+ 27. Ke2
Rc1 28. Qa2 Bb4 29. Rg3+ Kh8 30. Bg7+ Qxg7 0-1

[Event "Ontario op U2100"]
[Site "Oakville CAN"]
[Date "2019.05.19"]
[Round "4.14"]
[White "Bu, Kevin"]
[Black "Dela Torre, Marife O"]
[Result "1/2-1/2"]
[WhiteElo "1951"]
[BlackElo "2073"]
[PlyCount "104"]
[EventDate "2019.05.18"]
[EventType "swiss"]
[EventRounds "3"]
[EventCountry "CAN"]

1. d4 d5 2. Bf4 Nf6 3. e3 g6 4. Bd3 Bg7 5. h3 O-O 6. Nf3 c5 7. c3 b6 8. Nbd2
Bb7 9. O-O Nbd7 10. Ne5 Ne4 11. Nxd7 Qxd7 12. Qc2 Nxd2 13. Qxd2 Rfe8 14. Rad1
e5 15. dxe5 Bxe5 16. Bxe5 Rxe5 17. Be2 Qe7 18. Bf3 Ba6 19. Rfe1 Rd8 20. b3 Qh4
21. c4 d4 22. exd4 Rxe1+ 23. Rxe1 Rxd4 24. Qe3 Rd8 25. Qe7 Qxe7 26. Rxe7 b5 27.
Bd5 bxc4 28. bxc4 Bb5 29. Rxa7 Bd7 30. Rc7 Kf8 31. Rxc5 Ke7 32. Ra5 f6 33. Ra7
Kd6 34. Ra6+ Ke5 35. Kf1 Bf5 36. Ke2 Kd4 37. Rxf6 Bd3+ 38. Kd2 Bxc4 39. Bxc4
Ke5+ 40. Ke3 Kxf6 41. a4 Ra8 42. Bb5 Ke5 43. f4+ Kd5 44. Kf3 Ra7 45. Kg4 Ke6
46. Kg5 Kd5 47. f5 gxf5 48. Kxf5 Rf7+ 49. Kg4 Rg7+ 50. Kf3 Rf7+ 51. Ke3 Re7+
52. Kf3 Rf7+ 1/2-1/2

[Event "Ontario op U2100"]
[Site "Oakville CAN"]
[Date "2019.05.19"]
[Round "4.15"]
[White "Zheng, Kevin"]
[Black "Malakhovets, Sergey"]
[Result "0-1"]
[WhiteElo "1908"]
[BlackElo "2058"]
[PlyCount "104"]
[EventDate "2019.05.18"]
[EventType "swiss"]
[EventRounds "3"]
[EventCountry "CAN"]

1. d4 d5 2. c4 c6 3. e3 Nf6 4. Nf3 Bf5 5. Nc3 e6 6. Nh4 Bg6 7. Nxg6 hxg6 8. Bd3
Bd6 9. f4 Nbd7 10. Qf3 dxc4 11. Bxc4 Qc7 12. Bd2 Nb6 13. Bb3 a5 14. a3 Nfd5 15.
Ne4 Be7 16. g3 Nd7 17. Rc1 Qb6 18. Qd1 a4 19. Bxa4 Qxb2 20. Nf2 Qxa3 21. Ra1
Nxe3 22. Rxa3 Nxd1 23. Ra2 Nxf2 24. Kxf2 Bf6 25. Be3 Nb6 26. Bb3 Kd7 27. Rxa8
Rxa8 28. Rb1 Kc7 29. g4 Nd5 30. g5 Be7 31. Rb2 Bd6 32. Kf3 Rh8 33. Bxd5 exd5
34. Kg4 Re8 35. Kf3 b5 36. Ra2 Kb6 37. Rb2 Ra8 38. Kg4 Ra3 39. Bf2 b4 40. f5 b3
41. f6 gxf6 42. gxf6 Bb4 43. Rb1 Bc3 44. Be1 Bxe1 45. Rxe1 Ra4 46. Kg5 Rxd4 47.
Rb1 Rb4 48. Kh6 Kc5 49. Kg7 Rb7 50. Rc1+ Kd4 51. Rd1+ Kc3 52. Rc1+ Kd2 0-1

[Event "Ontario op U2100"]
[Site "Oakville CAN"]
[Date "2019.05.19"]
[Round "4.16"]
[White "Brajkovic, Nikola"]
[Black "Jacobs, Michael"]
[Result "1-0"]
[WhiteElo "2030"]
[BlackElo "1779"]
[PlyCount "71"]
[EventDate "2019.05.18"]
[EventType "swiss"]
[EventRounds "3"]
[EventCountry "CAN"]

1. e4 c6 2. Nf3 d5 3. e5 Bg4 4. d4 e6 5. Be2 c5 6. c3 Nc6 7. O-O Nge7 8. dxc5
Bxf3 9. Bxf3 Ng6 10. b4 a5 11. Qb3 Ngxe5 12. Bd1 axb4 13. cxb4 b6 14. b5 Na5
15. Qg3 Ng6 16. c6 Bd6 17. f4 Qf6 18. Nc3 Bb4 19. Rf3 O-O 20. Bd2 Nc4 21. Be1
Qe7 22. Kh1 Rfe8 23. Bb3 Bxc3 24. Bxc3 Nd6 25. a4 Ne4 26. Qe1 Qc7 27. g3 Qd6
28. Bb4 Qc7 29. Bc2 Nd6 30. Bc3 Nc4 31. Qg1 Ne7 32. Bb3 Red8 33. Rd3 f6 34. Qe1
e5 35. Bb4 Nf5 36. Rxd5 1-0

[Event "Ontario op U2100"]
[Site "Oakville CAN"]
[Date "2019.05.19"]
[Round "4.17"]
[White "Liu, Henry"]
[Black "Yuen, Noah"]
[Result "0-1"]
[WhiteElo "1985"]
[BlackElo "1716"]
[PlyCount "140"]
[EventDate "2019.05.18"]
[EventType "swiss"]
[EventRounds "3"]
[EventCountry "CAN"]

1. c4 Nf6 2. g3 c6 3. d4 d5 4. Nc3 e6 5. Nf3 Nbd7 6. Bf4 dxc4 7. e3 Be7 8. Bxc4
Nb6 9. Bd3 Nfd5 10. e4 Nxf4 11. gxf4 a6 12. h4 Qc7 13. Ne5 Bd7 14. Rg1 g6 15.
h5 Bf6 16. hxg6 hxg6 17. Nxf7 Kxf7 18. e5 Rag8 19. Ne4 Be7 20. Qg4 Ke8 21. Ng5
Bb4+ 22. Ke2 Qc8 23. Ne4 Kd8 24. Nd6 Qb8 25. Nf7+ Kc7 26. Nxh8 Rxh8 27. Bxg6
Qf8 28. a3 Be7 29. Rh1 Rxh1 30. Rxh1 Nd5 31. Kf3 Bxa3 32. bxa3 Qxa3+ 33. Kg2
Qb2 34. Re1 Qxd4 35. Re4 Qd2 36. f5 exf5 37. Bxf5 Bxf5 38. Qxf5 Qh6 39. e6 Qg7+
40. Kf3 Qc3+ 41. Kg2 Qg7+ 42. Rg4 Qb2 43. Qf7+ Kb6 44. Kg3 Qe5+ 45. f4 Qe1+ 46.
Kf3 Qe3+ 47. Kg2 Qe4+ 48. Kh3 Qh1+ 49. Kg3 Nc3 50. Rg8 Ne4+ 51. Kg4 Qg2+ 52.
Kh5 Qxg8 53. Qxg8 Nf6+ 54. Kg6 Nxg8 55. Kf7 Nh6+ 56. Kf8 Nf5 57. e7 Nxe7 58.
Kxe7 a5 59. f5 a4 60. f6 a3 61. f7 a2 62. f8=Q a1=Q 63. Qd8+ Ka7 64. Qc8 Qe5+
65. Kf7 Qd5+ 66. Kf6 c5 67. Qh3 Qd4+ 68. Ke6 Qa4 69. Qg3 Qb5 70. Qd6 Qc6 0-1

[Event "Ontario op U2100"]
[Site "Oakville CAN"]
[Date "2019.05.19"]
[Round "4.18"]
[White "Vlasov, John"]
[Black "Gao, Raymond"]
[Result "1/2-1/2"]
[WhiteElo "1817"]
[BlackElo "1853"]
[PlyCount "104"]
[EventDate "2019.05.18"]
[EventType "swiss"]
[EventRounds "3"]
[EventCountry "CAN"]

1. d4 Nf6 2. c4 c5 3. Nf3 cxd4 4. Nxd4 Nc6 5. Nc3 a6 6. e4 g6 7. Be2 Bg7 8. Be3
O-O 9. O-O d6 10. Rc1 Bd7 11. a3 Rc8 12. f3 Ne5 13. Nd5 Nc6 14. b4 Nxd5 15.
exd5 Nxd4 16. Bxd4 Bh6 17. f4 e5 18. dxe6 fxe6 19. Be3 Bc6 20. Qd2 Qe7 21. Rcd1
Rfd8 22. Bb6 Rd7 23. Qb2 Bg7 24. Bd4 e5 25. Bc3 Re8 26. fxe5 Bxe5 27. Bf3 Bxc3
28. Qxc3 Qe3+ 29. Qxe3 Rxe3 30. Bxc6 bxc6 31. Rf3 Rxf3 32. gxf3 Kf7 33. Kf2 d5
34. cxd5 cxd5 35. Ke3 Ke6 36. Rc1 Kd6 37. Rc5 Rc7 38. Rxc7 Kxc7 39. Kd4 Kd6 40.
a4 g5 41. b5 axb5 42. axb5 h5 43. b6 g4 44. fxg4 hxg4 45. b7 Kc7 46. Kxd5 Kxb7
47. Ke5 Kc7 48. Kf5 Kd7 49. Kxg4 Ke7 50. Kg5 Kf8 51. Kg6 Kg8 52. h4 Kh8 1/2-1/2

[Event "Ontario op U2100"]
[Site "Oakville CAN"]
[Date "2019.05.19"]
[Round "4.19"]
[White "Sharma, Vishruth"]
[Black "Casareno, Erwin"]
[Result "0-1"]
[WhiteElo "1772"]
[BlackElo "2046"]
[PlyCount "74"]
[EventDate "2019.05.18"]
[EventType "swiss"]
[EventRounds "3"]
[EventCountry "CAN"]

1. e4 c5 2. Nf3 e6 3. d4 cxd4 4. Nxd4 Nf6 5. Nc3 a6 6. Bd3 d6 7. O-O Qc7 8. Be3
Nbd7 9. Qe2 b5 10. Rad1 Bb7 11. f3 Be7 12. Nb3 Rc8 13. Rd2 O-O 14. a3 d5 15.
Rfd1 Bd6 16. h3 Bh2+ 17. Kh1 Nh5 18. Bf2 Bf4 19. exd5 Bxd2 20. Qxd2 exd5 21.
Bf5 Rcd8 22. Qg5 Ndf6 23. Rd4 h6 24. Qd2 Ng3+ 25. Bxg3 Qxg3 26. Ne2 Qe5 27. Qd3
Rfe8 28. Nf4 Ne4 29. fxe4 Qxf4 30. g3 Qf2 31. Qd2 Qxd2 32. Nxd2 dxe4 33. Rxd8
e3+ 34. Ne4 Rxd8 35. Kg1 Rd1+ 36. Kg2 Bxe4+ 37. Bxe4 e2 0-1

[Event "Ontario op U2100"]
[Site "Oakville CAN"]
[Date "2019.05.19"]
[Round "4.20"]
[White "Gilani, Mysha"]
[Black "Xie, Austin"]
[Result "1-0"]
[WhiteElo "1763"]
[BlackElo "1800"]
[PlyCount "53"]
[EventDate "2019.05.18"]
[EventType "swiss"]
[EventRounds "3"]
[EventCountry "CAN"]

1. d4 d5 2. c4 e6 3. Nc3 Nf6 4. cxd5 exd5 5. Bg5 Nbd7 6. e3 c6 7. Bd3 Be7 8.
Nge2 Ne4 9. Bxe7 Qxe7 10. O-O f5 11. Qc2 O-O 12. Nf4 Ndf6 13. Rae1 Qf7 14. f3
Nd6 15. e4 dxe4 16. fxe4 fxe4 17. Nxe4 Nfxe4 18. Rxe4 Bf5 19. Ne6 Nxe4 20. Nxf8
Qf6 21. Qc4+ Kxf8 22. Bxe4 g6 23. g4 Qg5 24. Bxf5 Qe3+ 25. Kh1 gxf5 26. Rxf5+
Kg7 27. Qf7+ 1-0

[Event "Ontario op U2100"]
[Site "Oakville CAN"]
[Date "2019.05.19"]
[Round "4.21"]
[White "Locham, Divjot"]
[Black "Samokysh, Yevhen"]
[Result "1-0"]
[WhiteElo "1685"]
[BlackElo "1787"]
[PlyCount "99"]
[EventDate "2019.05.18"]
[EventType "swiss"]
[EventRounds "3"]
[EventCountry "CAN"]

1. e4 c5 2. Nf3 Nc6 3. Bb5 g6 4. O-O Bg7 5. c3 e5 6. Bxc6 dxc6 7. d3 Qc7 8. Be3
b6 9. d4 cxd4 10. cxd4 Bg4 11. d5 Rd8 12. Nc3 Ne7 13. h3 Bxf3 14. Qxf3 O-O 15.
Rac1 Qb7 16. dxc6 Nxc6 17. Nd5 Rfe8 18. Rc2 Rd7 19. Rfc1 Re6 20. h4 f6 21. h5
Red6 22. hxg6 hxg6 23. Qe2 f5 24. f3 f4 25. Bf2 Nd8 26. Rc7 Qb8 27. Rc8 Qb7 28.
R8c7 Rxc7 29. Rxc7 Qb8 30. Qc4 Kh8 31. Bh4 b5 32. Qc5 Bf8 33. Qc2 Ne6 34. Rc8
Qb7 35. Be7 Rxd5 36. exd5 Qxe7 37. dxe6 a6 38. Qxg6 Qa7+ 39. Kh1 Qe7 40. Qh6+
Kg8 41. Qg6+ Kh8 42. Qh5+ Kg8 43. Qxe5 Qh7+ 44. Kg1 Qb1+ 45. Kf2 Qg6 46. Qxf4
Qxe6 47. Qxf8+ Kh7 48. Qh8+ Kg6 49. Rg8+ Kf5 50. Qh3+ 1-0